Scalar nonet quarkonia and the scalar glueball: Mixing and decays in an effective chiral approach; Physical Review D; Vol. 72, iss. 9

Библиографические подробности
Источник:Physical Review D: covering particles, fields, gravitation, and cosmology.— , 1958-
Vol. 72, iss. 9.— 2005.— [094006, 18 p.]
Другие авторы: Giacosa F., Gutsche Th., Lyubovitskiy (Lyubovitskij) V. E. Valery Efimovich, Faessler A.
Примечания:Title screen
We study the strong and electromagnetic decay properties of scalar mesons above 1 GeV within a chiral approach. The scalar-isoscalar states are treated as mixed states of quarkonia and glueball configurations. A fit to the experimental mass and decay rates listed by the Particle Data Group is performed to extract phenomenological constraints on the nature of the scalar resonances and to the issue of the glueball decays. A comparison to other experimental results and to other theoretical approaches in the scalar meson sector is discussed.
Режим доступа: по договору с организацией-держателем ресурса
Язык:английский
Опубликовано: 2005
Предметы:
Online-ссылка:https://doi.org/10.1103/PhysRevD.72.094006
Формат: Электронный ресурс Статья
Запись в KOHA:https://koha.lib.tpu.ru/cgi-bin/koha/opac-detail.pl?biblionumber=657323

MARC

LEADER 00000naa0a2200000 4500
001 657323
005 20250121100455.0
035 |a (RuTPU)RU\TPU\network\23825 
035 |a RU\TPU\network\23732 
090 |a 657323 
100 |a 20180123d2005 k||y0engy50 ba 
101 0 |a eng 
102 |a US 
135 |a drcn ---uucaa 
181 0 |a i  
182 0 |a b 
200 1 |a Scalar nonet quarkonia and the scalar glueball: Mixing and decays in an effective chiral approach  |f F. Giacosa [et al.] 
203 |a Text  |c electronic 
300 |a Title screen 
320 |a [References: 44 tit.] 
330 |a We study the strong and electromagnetic decay properties of scalar mesons above 1 GeV within a chiral approach. The scalar-isoscalar states are treated as mixed states of quarkonia and glueball configurations. A fit to the experimental mass and decay rates listed by the Particle Data Group is performed to extract phenomenological constraints on the nature of the scalar resonances and to the issue of the glueball decays. A comparison to other experimental results and to other theoretical approaches in the scalar meson sector is discussed. 
333 |a Режим доступа: по договору с организацией-держателем ресурса 
461 |t Physical Review D  |o covering particles, fields, gravitation, and cosmology  |o Scientific Journal  |d 1958- 
463 |t Vol. 72, iss. 9  |v [094006, 18 p.]  |d 2005 
610 1 |a электронный ресурс 
610 1 |a труды учёных ТПУ 
610 1 |a ядерная физика 
701 1 |a Giacosa  |b F. 
701 1 |a Gutsche  |b Th. 
701 1 |a Lyubovitskiy (Lyubovitskij)  |b V. E.  |c physicist  |c Professor of Tomsk Polytechnic University, Doctor of physical and mathematical sciences, Professor of the University of Tubingen (Germany)  |f 1963-  |g Valery Efimovich  |3 (RuTPU)RU\TPU\pers\33385 
701 1 |a Faessler  |b A. 
801 2 |a RU  |b 63413507  |c 20180123  |g RCR 
856 4 |u https://doi.org/10.1103/PhysRevD.72.094006 
942 |c CF